[Event "BL2 West 1415 (Women)"]
[Site "Germany"]
[Date "2014.11.29"]
[Round "3.3"]
[White "Off, Karina"]
[Black "Huppertz, Andrea"]
[Result "0-1"]
[WhiteElo "1609"]
[BlackElo "1855"]
[PlyCount "100"]
[EventDate "2014.09.27"]
[EventType "team-tourn"]
[EventRounds "7"]
[EventCountry "GER"]
[SourceTitle "CBM 166 Extra"]
[Source "ChessBase"]
[SourceDate "2015.06.18"]
[SourceVersion "1"]
[SourceVersionDate "2015.06.18"]
[SourceQuality "1"]
[WhiteTeam "Quickborn Holstein (W)"]
[BlackTeam "Wattenscheid (W)"]
[WhiteTeamCountry "GER"]
[BlackTeamCountry "GER"]

1. Nf3 d5 2. d4 Nf6 3. e3 Bf5 4. c4 c6 5. Qb3 Qc7 6. Nc3 e6 7. Bd2 Nbd7 8. Be2 Be7 9. h3 Ne4 10. Nxe4 Bxe4 11. 0-0 0-0 12. Rac1 Qb6 13. Qc3 c5 14. dxc5 Nxc5 15. b4 Nd7 16. c5 Qd8 17. Qb2 Bf6 18. Bc3 Rc8 19. Bd4 Bxd4 20. Qxd4 Qf6 21. Qxf6 Nxf6 22. Ne5 Rfd8 23. f3 Bg6 24. Nxg6 hxg6 25. Rfd1 Kf8 26. Kf2 Ke7 27. Bb5 a6 28. Ba4 Nd7 29. Bxd7 Rxd7 30. Ke2 Rdc7 31. a4 a5 32. Rb1 axb4 33. Rxb4 Rxc5 34. Rxb7+ R8c7 35. Rxc7+ Rxc7 36. Rd2 Ra7 37. Ra2 Kd6 38. Kd3 Kc5 39. Kc3 Rb7 40. a5 Ra7 41. a6 Kb5 42. Kd4 Rxa6 43. Rxa6 Kxa6 44. e4 dxe4 45. Kxe4 f6 46. f4 Kb5 47. g4 Kc5 48. f5 gxf5+ 49. gxf5 e5 50. h4 Kd6 0-1

[Event "BL2 West 1415 (Women)"]
[Site "Germany"]
[Date "2014.09.27"]
[Round "1.4"]
[White "Koehler, Inken"]
[Black "Off, Karina"]
[Result "1-0"]
[WhiteElo "1718"]
[BlackElo "1609"]
[PlyCount "79"]
[EventDate "2014.09.27"]
[EventType "team-tourn"]
[EventRounds "7"]
[EventCountry "GER"]
[SourceTitle "CBM 166 Extra"]
[Source "ChessBase"]
[SourceDate "2015.06.18"]
[SourceVersion "1"]
[SourceVersionDate "2015.06.18"]
[SourceQuality "1"]
[WhiteTeam "Harksheide (W)"]
[BlackTeam "Quickborn Holstein (W)"]
[WhiteTeamCountry "GER"]
[BlackTeamCountry "GER"]

1. e4 c6 2. d4 d5 3. exd5 cxd5 4. Bd3 g6 5. Bf4 Bg7 6. c3 Nf6 7. Ne2 Bd7 8. Nd2 Nc6 9. 0-0 0-0 10. Bg3 Qc8 11. Qc2 Nh5 12. Bh4 Re8 13. Nf3 e5 14. dxe5 Nxe5 15. Nxe5 Rxe5 16. Rfe1 Qc5 17. Rad1 Rae8 18. Kf1 Bc6 19. f3 Bh6 20. Nd4 Nf4 21. Rxe5 Rxe5 22. Bf2 Qe7 23. Re1 Qg5 24. Rxe5 Qxe5 25. Nxc6 bxc6 26. Bxa7 Nxd3 27. Qxd3 Qxh2 28. Qe2 Qh1+ 29. Kf2 Qh4+ 30. Kg1 Qd8 31. Qa6 Qc7 32. Bb6 Qb8 33. a4 Bf4 34. a5 Kf8 35. Bc5+ Kg7 36. b4 Qe8 37. Kf2 Bd2 38. Bd4+ Kf8 39. Qe2 Bf4 40. Bg7+ 1-0

[Event "BL2 West 1213 (Women)"]
[Site "Germany"]
[Date "2012.10.06"]
[Round "1.3"]
[White "Rosmait, Emily"]
[Black "Off, Karina"]
[Result "1/2-1/2"]
[WhiteElo "1634"]
[BlackElo "1560"]
[PlyCount "115"]
[EventDate "2012.10.06"]
[EventType "team-tourn"]
[EventRounds "7"]
[EventCountry "GER"]
[SourceTitle "EXT 2018"]
[Source "ChessBase"]
[SourceDate "2017.10.13"]
[SourceVersion "1"]
[SourceVersionDate "2017.10.13"]
[SourceQuality "1"]
[WhiteTeam "Harksheide (W)"]
[BlackTeam "Quickborn Holstein (W)"]
[WhiteTeamCountry "GER"]
[BlackTeamCountry "GER"]

1. e4 e5 2. Nf3 Nc6 3. Bb5 Nge7 4. 0-0 a6 5. Ba4 b5 6. Bb3 Na5 7. Nxe5 Nxb3 8. axb3 d6 9. Nf3 Bb7 10. Re1 Qd7 11. c4 b4 12. d4 Ng6 13. Nbd2 Be7 14. Nf1 0-0 15. Ng3 Rfe8 16. Bd2 c5 17. d5 Bf6 18. Qc1 Qg4 19. h3 Qd7 20. Bg5 Ne5 21. Nxe5 Bxe5 22. Bf4 g6 23. Bxe5 Rxe5 24. f4 Re7 25. f5 Re5 26. Qh6 Qe7 27. Re3 Qf8 28. Qg5 f6 29. Qg4 Qh6 30. Rae1 Bc8 31. Qf3 Ra7 32. fxg6 Qxg6 33. Nf5 Bxf5 34. exf5 Rxf5 35. Re8+ Kf7 36. Qe3 Re5 37. Rxe5 fxe5 38. Rf1+ Ke8 39. Qf2 Rf7 40. Qxf7+ Qxf7 41. Rxf7 Kxf7 42. Kf2 Kf6 43. Kg3 Kf5 44. Kf3 e4+ 45. Ke2 h5 46. Kf2 Kg5 47. Ke3 Kf5 48. Ke2 Kg5 49. Kf2 Kf5 50. Ke3 Ke5 51. g4 h4 52. g5 Kf5 53. g6 Kxg6 54. Kxe4 Kg5 55. Ke3 Kf5 56. Kf3 a5 57. Ke3 Ke5 58. Kf3 1/2-1/2

[Event "Schleswig Holstein-ch H 63rd"]
[Site "Gross Groenau"]
[Date "2008.03.21"]
[Round "9"]
[White "Schaper, Jan Erik"]
[Black "Off, Karina"]
[Result "1-0"]
[WhiteElo "1679"]
[BlackElo "1540"]
[PlyCount "109"]
[EventDate "2008.03.15"]
[EventType "swiss"]
[EventRounds "9"]
[EventCountry "GER"]
[SourceTitle "EXT 2010"]
[Source "ChessBase"]
[SourceDate "2010.11.25"]
[SourceVersion "1"]
[SourceVersionDate "2010.11.25"]
[SourceQuality "1"]

1. c4 g6 2. Nc3 Bg7 3. g3 e5 4. Nf3 d6 5. d4 exd4 6. Nxd4 Bd7 7. Bg2 Qc8 8. Qd3 Bf5 9. Nxf5 gxf5 10. Nd5 Nc6 11. Bh3 Ne5 12. Qxf5 Qxf5 13. Bxf5 Ne7 14. Nxe7 Kxe7 15. Bd3 Nxd3+ 16. exd3 Bd4 17. Rb1 Rae8 18. Be3 Bxe3 19. fxe3 Kf6 20. Kd2 Kg5 21. Rbf1 f6 22. Rf4 h5 23. Rhf1 Re6 24. e4 Rh7 25. b4 c6 26. Ke3 Rhe7 27. h3 Rg7 28. g4 hxg4 29. Rxg4+ Kh6 30. Rxg7 Kxg7 31. Kf4 Re5 32. Rg1+ Kf7 33. h4 Rh5 34. Kg4 Re5 35. Rg3 Kg6 36. Kf4+ Kh7 37. d4 Rh5 38. Rg4 a5 39. a3 b5 40. c5 axb4 41. axb4 dxc5 42. dxc5 Re5 43. Rg3 Rh5 44. Rg4 Re5 45. Kg3 Kh6 46. Kf3 Re7 47. Rf4 Kg6 48. Rf5 Ra7 49. h5+ Kg7 50. Kf4 Ra4 51. h6+ Kg6 52. h7 Kxh7 53. Rxf6 Rxb4 54. Rxc6 Rb1 55. Rb6 1-0

[Event "Schleswig Holstein-ch H 63rd"]
[Site "Gross Groenau"]
[Date "2008.03.19"]
[Round "6"]
[White "Nolte, Oskar Kaan"]
[Black "Off, Karina"]
[Result "1-0"]
[WhiteElo "1386"]
[BlackElo "1540"]
[PlyCount "82"]
[EventDate "2008.03.15"]
[EventType "swiss"]
[EventRounds "9"]
[EventCountry "GER"]
[SourceTitle "EXT 2010"]
[Source "ChessBase"]
[SourceDate "2010.11.25"]
[SourceVersion "1"]
[SourceVersionDate "2010.11.25"]
[SourceQuality "1"]

1. e4 e6 2. d4 d5 3. Nd2 Bd7 4. Bd3 Bc6 5. e5 Ne7 6. f4 Nf5 7. Ndf3 Nd7 8. c3 Nb6 9. g3 Qd7 10. Ne2 Nc4 11. b3 Nce3 12. Bxe3 Nxe3 13. Qd2 Nf5 14. Kf2 Bb5 15. Bc2 Be7 16. a4 Bc6 17. b4 b6 18. b5 Bb7 19. h3 c5 20. Rhb1 cxd4 21. Nexd4 Bc5 22. Kg2 0-0 23. g4 Nxd4 24. cxd4 Be7 25. g5 g6 26. Rh1 a5 27. Kg3 Bb4 28. Qh2 Rfc8 29. h4 Qc7 30. Ra2 Kf8 31. h5 Ke7 32. hxg6 hxg6 33. Bxg6 fxg6 34. Qh7+ Ke8 35. Qxg6+ Qf7 36. Qxf7+ Kxf7 37. Rh7+ Kg6 38. Rxb7 Kf5 39. Re2 Rh8 40. Rxb6 Ra7 41. Rb8 Rhh7 1-0

[Event "Schleswig Holstein-ch H 63rd"]
[Site "Gross Groenau"]
[Date "2008.03.19"]
[Round "7"]
[White "Off, Karina"]
[Black "Hartendauer, Frank"]
[Result "1-0"]
[WhiteElo "1540"]
[BlackElo "1521"]
[PlyCount "53"]
[EventDate "2008.03.15"]
[EventType "swiss"]
[EventRounds "9"]
[EventCountry "GER"]
[SourceTitle "EXT 2010"]
[Source "ChessBase"]
[SourceDate "2010.11.25"]
[SourceVersion "1"]
[SourceVersionDate "2010.11.25"]
[SourceQuality "1"]

1. Nf3 e6 2. d4 d5 3. e3 Nf6 4. Bd3 c5 5. c3 Nc6 6. 0-0 Be7 7. Nbd2 0-0 8. e4 dxe4 9. Nxe4 cxd4 10. cxd4 h6 11. Be3 Nd5 12. a3 Bd7 13. Qe2 Rc8 14. Ne5 Nf6 15. Nxf6+ Bxf6 16. f4 Be8 17. Rad1 Nxd4 18. Qf2 Be7 19. Bxd4 f6 20. Ng6 Bxg6 21. Bxg6 Qa5 22. Qe2 Rc6 23. Bc3 Qb6+ 24. Kh1 Bxa3 25. Rd7 Bc5 26. Qg4 Rd6 27. Bh7+ 1-0

[Event "Schleswig Holstein-ch H 63rd"]
[Site "Gross Groenau"]
[Date "2008.03.18"]
[Round "5"]
[White "Off, Karina"]
[Black "Millgramm, Stephan"]
[Result "0-1"]
[WhiteElo "1540"]
[BlackElo "1692"]
[PlyCount "84"]
[EventDate "2008.03.15"]
[EventType "swiss"]
[EventRounds "9"]
[EventCountry "GER"]
[SourceTitle "EXT 2010"]
[Source "ChessBase"]
[SourceDate "2010.11.25"]
[SourceVersion "1"]
[SourceVersionDate "2010.11.25"]
[SourceQuality "1"]

1. Nf3 Nf6 2. d4 d5 3. e3 c6 4. Bd3 Bg4 5. h3 Bh5 6. c3 Nbd7 7. Nbd2 e6 8. e4 dxe4 9. Nxe4 Nxe4 10. Bxe4 Nf6 11. Bd3 Qc7 12. g4 Bg6 13. Bxg6 hxg6 14. Ne5 Bd6 15. Qe2 Bxe5 16. dxe5 Nd7 17. f4 0-0-0 18. Be3 Qa5 19. Qc4 Nb6 20. Qc5 Qxc5 21. Bxc5 Nd5 22. 0-0-0 b6 23. Bd6 Nxf4 24. Rdf1 Rxd6 25. Rxf4 Rd7 26. Kc2 g5 27. Rf3 Kd8 28. Rd1 Rxd1 29. Kxd1 Ke7 30. c4 Rd8+ 31. Kc2 Rd4 32. Kc3 Re4 33. b4 Rxe5 34. Kd4 Re2 35. Ra3 Rd2+ 36. Ke5 f6+ 37. Ke4 Rd7 38. Ra6 g6 39. Ra3 f5+ 40. Ke5 b5 41. Ra6 bxc4 42. Rxc6 Rd5# 0-1

[Event "Schleswig Holstein-ch H 63rd"]
[Site "Gross Groenau"]
[Date "2008.03.17"]
[Round "3"]
[White "Off, Karina"]
[Black "Ananjew, Alexander"]
[Result "1-0"]
[WhiteElo "1540"]
[BlackElo "819"]
[PlyCount "77"]
[EventDate "2008.03.15"]
[EventType "swiss"]
[EventRounds "9"]
[EventCountry "GER"]
[SourceTitle "EXT 2010"]
[Source "ChessBase"]
[SourceDate "2010.11.25"]
[SourceVersion "1"]
[SourceVersionDate "2010.11.25"]
[SourceQuality "1"]

1. d4 c5 2. Nf3 Nf6 3. c3 cxd4 4. cxd4 d6 5. Nc3 g6 6. e4 Bg7 7. Bc4 0-0 8. Bb3 Bg4 9. h3 Bxf3 10. Qxf3 e6 11. e5 dxe5 12. dxe5 Ne8 13. 0-0 Nc6 14. Be3 Bxe5 15. Bc5 Bd6 16. Rad1 Qe7 17. Be3 Be5 18. Na4 Qc7 19. Bg5 Bd6 20. Nc3 Be7 21. Bh6 Ng7 22. Ne4 Qe5 23. Rd7 Nd4 24. Qd3 Nxb3 25. Rxe7 Nc5 26. Nxc5 Qxc5 27. Rxb7 Rfd8 28. Qf3 Qf5 29. Qc3 e5 30. Qc7 Qe6 31. Re1 Rac8 32. Qxe5 Qxe5 33. Rxe5 Rb8 34. Rxb8 Rxb8 35. b3 f5 36. Re7 Nh5 37. Rxa7 Rc8 38. g4 Nf4 39. Bxf4 1-0

[Event "Schleswig Holstein-ch A 62nd"]
[Site "Itzehoe"]
[Date "2007.04.06"]
[Round "9"]
[White "Off, Karina"]
[Black "Krieter, Hartmut"]
[Result "1-0"]
[WhiteElo "1476"]
[BlackElo "1459"]
[PlyCount "45"]
[EventDate "2007.03.31"]
[EventType "swiss"]
[EventRounds "9"]
[EventCountry "GER"]
[SourceTitle "EXT 2010"]
[Source "ChessBase"]
[SourceDate "2010.11.25"]
[SourceVersion "1"]
[SourceVersionDate "2010.11.25"]
[SourceQuality "1"]

1. d4 Nf6 2. Nf3 e6 3. Bf4 d5 4. e3 Be7 5. Bd3 0-0 6. c3 Nbd7 7. Nbd2 c6 8. Qc2 Re8 9. 0-0-0 a5 10. Ne5 Nf8 11. g4 a4 12. h4 c5 13. g5 Nh5 14. Bxh7+ Nxh7 15. g6 N7f6 16. gxf7+ Kf8 17. fxe8Q+ Qxe8 18. Ng6+ Kg8 19. Nxe7+ Qxe7 20. Bg5 c4 21. a3 b5 22. Qg6 Bd7 23. Qxh5 1-0

[Event "Schleswig Holstein-ch A 62nd"]
[Site "Itzehoe"]
[Date "2007.04.04"]
[Round "7"]
[White "Off, Karina"]
[Black "Clemens, Wolfgang"]
[Result "1-0"]
[WhiteElo "1476"]
[BlackElo "1682"]
[PlyCount "145"]
[EventDate "2007.03.31"]
[EventType "swiss"]
[EventRounds "9"]
[EventCountry "GER"]
[SourceTitle "EXT 2010"]
[Source "ChessBase"]
[SourceDate "2010.11.25"]
[SourceVersion "1"]
[SourceVersionDate "2010.11.25"]
[SourceQuality "1"]

1. Nf3 d5 2. d4 e6 3. Bf4 c5 4. c3 Nc6 5. e3 cxd4 6. exd4 Nf6 7. Bd3 Bd7 8. Nbd2 g6 9. 0-0 Bg7 10. Ne5 Nh5 11. Nxd7 Nxf4 12. Nc5 b6 13. Bb5 Rc8 14. Nd3 Nxd3 15. Bxd3 0-0 16. Qg4 e5 17. dxe5 Nxe5 18. Qg3 Nxd3 19. Qxd3 Re8 20. Nf3 Rc4 21. Rad1 Rc5 22. Rd2 Qc7 23. g3 Rd8 24. Nd4 h5 25. f4 Rc4 26. f5 Bxd4+ 27. cxd4 Re8 28. fxg6 f6 29. Rf5 Rc1+ 30. Kg2 Kg7 31. Rxh5 Qc4 32. Rh7+ Kg8 33. Qxc4 Rxc4 34. h4 Re4 35. h5 Rcxd4 36. Rxd4 Rxd4 37. h6 Rg4 38. Rxa7 Rxg6 39. h7+ Kh8 40. Rb7 f5 41. Rd7 f4 42. Rxd5 Rxg3+ 43. Kf2 Rh3 44. Rb5 Rh6 45. Kf3 Kxh7 46. Kxf4 Kg7 47. Ke4 Kf7 48. Kd5 Ke7 49. b4 Kd7 50. Kc4 Rh4+ 51. Kb3 Rh3+ 52. Ka4 Kc7 53. Rg5 Rh6 54. Kb5 Rd6 55. a4 Kb8 56. Rg7 Ka8 57. Ka6 Kb8 58. Rb7+ Ka8 59. Rxb6 Rd4 60. a5 Rd5 61. Rc6 Kb8 62. b5 Rd7 63. b6 Rg7 64. Rf6 Rg8 65. Rf7 Rc8 66. Kb5 Re8 67. Kc6 Rc8+ 68. Rc7 Rg8 69. a6 Rg6+ 70. Kb5 Rg5+ 71. Rc5 Rg8 72. b7 Rf8 73. Kb6 1-0

[Event "Schleswig Holstein-ch A 62nd"]
[Site "Itzehoe"]
[Date "2007.04.02"]
[Round "3"]
[White "Off, Karina"]
[Black "Freter, Anke"]
[Result "0-1"]
[WhiteElo "1476"]
[BlackElo "1776"]
[PlyCount "98"]
[EventDate "2007.03.31"]
[EventType "swiss"]
[EventRounds "9"]
[EventCountry "GER"]
[SourceTitle "EXT 2010"]
[Source "ChessBase"]
[SourceDate "2010.11.25"]
[SourceVersion "1"]
[SourceVersionDate "2010.11.25"]
[SourceQuality "1"]

1. d4 Nf6 2. Nf3 g6 3. e3 Bg7 4. Bd3 0-0 5. c3 c5 6. Nbd2 Nc6 7. e4 cxd4 8. cxd4 d6 9. 0-0 Bg4 10. h3 Bd7 11. Nc4 b5 12. Na3 a6 13. Be3 Nb4 14. Nc2 Nxd3 15. Qxd3 Bc6 16. d5 Bb7 17. Ncd4 Rc8 18. Rac1 Qd7 19. b3 Rxc1 20. Rxc1 Rc8 21. Ne1 e6 22. dxe6 fxe6 23. f3 Nh5 24. Ne2 Rxc1 25. Bxc1 Qc6 26. Ba3 d5 27. exd5 Qxd5 28. Qe3 Kf7 29. Kf1 a5 30. Qb6 b4 31. Bc1 Be5 32. Be3 Bd6 33. Nd3 Qxd3 34. Qxb7+ Kf6 35. Bf2 Nf4 36. Qe4 Qd1+ 37. Be1 Nxg2 38. Kxg2 Qxe1 39. Qd4+ Be5 40. Qd8+ Kg7 41. Qe7+ Kh6 42. Qf8+ Kh5 43. Nf4+ Bxf4 44. Qxf4 Qh4 45. Qf7 Qg5+ 46. Kh2 Qe5+ 47. Kg2 h6 48. Kf2 Qh2+ 49. Ke3 Qxh3 0-1

[Event "Schleswig Holstein-ch A 62nd"]
[Site "Itzehoe"]
[Date "2007.04.02"]
[Round "4"]
[White "Off, Karina"]
[Black "Wrage, Steffen"]
[Result "0-1"]
[WhiteElo "1476"]
[BlackElo "1656"]
[PlyCount "62"]
[EventDate "2007.03.31"]
[EventType "swiss"]
[EventRounds "9"]
[EventCountry "GER"]
[SourceTitle "EXT 2010"]
[Source "ChessBase"]
[SourceDate "2010.11.25"]
[SourceVersion "1"]
[SourceVersionDate "2010.11.25"]
[SourceQuality "1"]

1. d4 e6 2. Nf3 Nf6 3. e3 d5 4. Bd3 c5 5. c3 Nc6 6. 0-0 Be7 7. Nbd2 b6 8. Re1 0-0 9. e4 dxe4 10. Nxe4 cxd4 11. Nxd4 Nxd4 12. cxd4 Qxd4 13. Qf3 Rb8 14. Qg3 Bb7 15. Ng5 Bd6 16. Qh3 h6 17. Nxe6 fxe6 18. Qxe6+ Kh8 19. Bg6 Qg4 20. Qxg4 Nxg4 21. Be3 Bxh2+ 22. Kh1 Be5 23. Rad1 Bxb2 24. Rd7 Bf6 25. Bf4 Bc6 26. Rd6 Ba8 27. Rde6 Rbd8 28. Bd6 Bd5 29. f3 Bxe6 30. Bxf8 Rxf8 31. Rxe6 Ne5 0-1

[Event "Schleswig Holstein-ch A 62nd"]
[Site "Itzehoe"]
[Date "2007.03.31"]
[Round "1"]
[White "Off, Karina"]
[Black "Taubhorn, Andreas"]
[Result "1-0"]
[WhiteElo "1476"]
[BlackElo "1670"]
[PlyCount "81"]
[EventDate "2007.03.31"]
[EventType "swiss"]
[EventRounds "9"]
[EventCountry "GER"]
[SourceTitle "EXT 2010"]
[Source "ChessBase"]
[SourceDate "2010.11.25"]
[SourceVersion "1"]
[SourceVersionDate "2010.11.25"]
[SourceQuality "1"]

1. Nf3 Nf6 2. d4 e6 3. c3 b6 4. Nbd2 Bb7 5. e3 d5 6. Bd3 Bd6 7. Ne5 Bxe5 8. dxe5 Ne4 9. Qg4 Qg5 10. Qxg5 Nxg5 11. f4 Ne4 12. Nxe4 dxe4 13. Bc2 0-0 14. b4 Nd7 15. Bb2 b5 16. 0-0 Nb6 17. Bb3 Bd5 18. Bxd5 exd5 19. c4 Nxc4 20. Bd4 a5 21. a3 Ra6 22. Kf2 Rfa8 23. Rfd1 c6 24. Ke2 axb4 25. axb4 Rxa1 26. Rxa1 Rxa1 27. Bxa1 Kf8 28. Bd4 Ke7 29. g4 f6 30. Bc5+ Ke6 31. exf6 Kxf6 32. h4 g6 33. Kf2 h5 34. Kg3 Ke6 35. Bd4 Nd6 36. f5+ gxf5 37. gxh5 f4+ 38. Kxf4 Nf5 39. h6 Nxh6 40. Kg5 Nf7+ 41. Kg6 1-0